01709nam a2200301 a 4500001001000000005001700010008004100027041000800068044000700076084002100083100004500104245008700149260003300236300002400269500014600293500014200439500040900581500005900990500001001049546002501059650005201084650005601136650003401192650004501226700006001271700002601331740005001357BRCA_309920190320204118.0280109s1839----fr-a---###---#000-0#fre-u afre afr a405b.C673c18391 aCervantes Saavedra, Miguel ded1547-161610aHistoire de L´Admirable Don Quichotte de la ManchecMiguel de Cervantes Saavedra. aParísbCorbet Ainéc1839 a506 p.bil.c25 cm. aContenido : Retrato de Cervantes por Deveria. Prólogo de la primera parte. Texto abreviado de ambas partes. Continuación por el traductor aEdición : Traduction de Filleau de Saint-Martin, corrigée et revue sur le texte espagnol. Ornée de gravures, dessinée par Deveria aNo obstante anunciarse en la portada que es la traducción de Saint-Martin corregida en vista del texto español, es lo cierto, que esta edición no contiene más que la traducción de aquél, pero aún más abreviada. La continuación, asímismo, está abreviada. El retrato de Cervantes fue dibujado por Deveria y grabado por Lefevre. Es una edición económica. Rústica Lúdovik Osterc aEstado físico : Encuadernación en papel maltratada aQM331 aTexto en : francés14aNovela españolayÉpoca clásica, 1500-170014aLiteratura españolayÉpoca clásica, 1500-170014aNovela españolaySiglo XVII14aDon Quijote (Personaje ficticio)eNovela1 aSaint-Martin, Francois Filleau ded1632-1695eTraductor1 aDeveríaeIlustrador0 aEl Ingenioso Hidalgo Don Quijote de la Mancha